[Event "Parma Province-ch"]
[Site "Salsomaggiore Terme"]
[Date "2015.03.22"]
[Round "4"]
[White "Fragni, Enrico"]
[Black "Ferrari, Andrea"]
[Result "1/2-1/2"]
[WhiteElo "1575"]
[BlackElo "1392"]
[PlyCount "167"]
[EventDate "2015.03.20"]
[EventType "swiss"]
[EventRounds "5"]
[EventCountry "ITA"]
[SourceTitle "EXT 2017"]
[Source "ChessBase"]
[SourceDate "2016.10.25"]
[SourceVersion "1"]
[SourceVersionDate "2016.10.25"]
[SourceQuality "1"]

1. Nf3 d5 2. d4 Nf6 3. Bg5 e6 4. Nbd2 Be7 5. e3 0-0 6. Bd3 Nbd7 7. Qe2 b6 8. c3 Bb7 9. Bf4 c5 10. Rc1 cxd4 11. exd4 Rc8 12. 0-0 Re8 13. Rce1 Nf8 14. h3 Ng6 15. Bg3 Nh5 16. Bh2 Nhf4 17. Qe3 Nxd3 18. Qxd3 Qd7 19. Ne5 Qa4 20. Qb1 Ba6 21. b3 Qa5 22. b4 Qa3 23. c4 dxc4 24. b5 Nxe5 25. Bxe5 Bb7 26. Re3 Qa5 27. Qc2 Qxb5 28. Rg3 g6 29. Ne4 Bxe4 30. Qxe4 Qd5 31. Qe3 Bd6 32. Bf6 Bf8 33. Rg5 Qd7 34. Rg3 Bg7 35. Qe5 Bxf6 36. Qxf6 Qe7 37. Qf4 Qf8 38. h4 h5 39. Qe5 Kh7 40. Re1 Qh6 41. Qf6 Qg7 42. Qf3 b5 43. Re5 f5 44. Rg5 Qh6 45. Rxb5 Qg7 46. Qc3 Red8 47. Re5 Qd7 48. Rg3 Qxd4 49. Rxe6 Qxc3 50. Rxc3 Rd3 51. Re3 Rxe3 52. fxe3 Kg7 53. Kf2 Kf6 54. Kf3 Ke5 55. g3 a6 56. a3 Rc7 57. a4 Rc6 58. Kf2 Ke4 59. Ke2 Rc5 60. Kf2 Kd5 61. Kf3 Ra5 62. Ra3 Kc5 63. Ke2 Kb4 64. Ra1 Rxa4 65. Rb1+ Kc3 66. Rb6 Rb4 67. Rxa6 Kb2 68. Rxg6 c3 69. Rc6 Kc2 70. Rc5 Rb8 71. Rxf5 Kb2 72. Rxh5 c2 73. Rc5 c1Q 74. Rxc1 Kxc1 75. Kf3 Kd2 76. h5 Rf8+ 77. Kg4 Kxe3 78. Kh4 Kf3 79. h6 Rg8 80. Kh5 Rxg3 81. h7 Kf4 82. Kh6 Rh3+ 83. Kg7 Rxh7+ 84. Kxh7 1/2-1/2